| 000 | 00342 a2200133 4500 | ||
|---|---|---|---|
| 999 |
_c325523 _d325523 |
||
| 001 | 90450 | ||
| 003 | NUST | ||
| 082 | _a891.4393 INT | ||
| 100 |
_aIntizar Hussain _99473 |
||
| 245 |
_aNai Purani Kahaania _cIntizar Hussain _hUrdu |
||
| 260 |
_aLahore _bSang-e-Meel Publishers _c2006 |
||
| 300 | _a240p | ||
| 500 | _aGeneral Books | ||
| 942 |
_aCAE NUST _cBK _k891.4393 INT _2ddc |
||